=LDR 00000nam 2200000 4500 =001 INLIS000000000008299 =005 20130612100207 =008 ***********************************Ind** =035 ##$$0010-061300000008299 =041 ##$$a Ind =082 ##$$a 2x5.1 =090 ##$$a 2x5.1, bah m =100 ##$$a Bakhtiar, Haleh =245 ##$$a Meneladani akhlak Allah, melalui Al-asma Al Husna, Haleh Bakhtiar ; penerjemah, Fahmi Syarani =260 ##$$a 2002 $b Bandung =300 ##$$a 306 hlm, ilus, 24 cm =650 ##$$a Ahklak (islam)